Devinez la Capitale Mystère #47 - Statistiques

Statistiques générales
  • Ce quiz a été pris 186 fois
  • Le résultat moyen est 28 sur 37
Statistiques - réponses
Type de Réponse Réponse % Correct
Lettre Trouvée A
99%
Lettre de l'Alphabet I
99%
Lettre de l'Alphabet S
98%
Lettre Trouvée R
96%
Lettre Trouvée N
95%
Lettre de l'Alphabet E
94%
Lettre Trouvée O
94%
Lettre de l'Alphabet P
92%
Lettre Trouvée L
91%
Lettre Trouvée T
90%
Lettre Trouvée B
89%
Lettre de l'Alphabet M
89%
Lettre de l'Alphabet D
88%
Lettre Trouvée U
85%
Lettre de l'Alphabet H
81%
Lettre de l'Alphabet G
80%
Lettre de l'Alphabet K
80%
Lettre Bien Placée U
75%
Lettre de l'Alphabet W
74%
Lettre Bien Placée A
73%
Lettre Bien Placée O
72%
Lettre de l'Alphabet V
72%
Lettre de l'Alphabet Y
70%
Lettre Bien Placée A
69%
Lettre Bien Placée T
69%
Lettre de l'Alphabet C
68%
Lettre de l'Alphabet X
66%
Lettre de l'Alphabet J
65%
Lettre Bien Placée N
64%
Lettre Bien Placée B
61%
Lettre de l'Alphabet F
61%
Lettre Bien Placée L
60%
Lettre Bien Placée O
58%
Lettre de l'Alphabet Z
58%
Lettre de l'Alphabet Q
55%
Lettre Bien Placée R
54%
Capitale Mystère Oulan-Bator
53%
Aucun quiz correspondant
Distribution des résultats
% des personnes avec chaque résultat
Percentile par nombre de réponses
Votre historique - résultats
Vous n’avez pas pris ce quiz